000 00633cam a2200265 i 4500
001 0000870
003 DO-SdBNP
005 20180323090406.0
007 0000870
008 100514s 201u sp a | |||| 000 f spa
015 _a
017 _a
_b
020 _a8430571256
035 _a
040 _aBPMSU
_bspa
_cBPMSU
_e
080 _a
245 0 0 _aCenicienta /
_h
260 _aMadrid, España :
_bSusaeta ediciones,
_c[201-].
300 _a[16] p.:
_bil.
_c30 cm.
490 1 _aArlequín
830 0 _aArlequín
942 _2ddc
_cBK
945 _ainventariado extranjero / 2018 VM
956 _aYLOCKWARD
_810
_cBPMSU
999 _c12274
_d12274